000 00449nam a2200217Ia 4500
003 IT-RoPAU
008 120407s9999 xx 000 0 und d
040 _aIT-RoPAU
040 _cIT-RoPAU
041 _aita
100 _aGabriel Brunhes
245 _aLa ragionevolezza della fede
250 _aAlba
260 _aEdizioni Paoline
260 _c1955
300 _c cm
490 _aCat:II
490 _v1
942 _cBK
999 _c23059
_d23059